000 00738nam a2200241 a 4500
001 BRCA_5393
005 20190320205047.0
008 091210s1970----enka######---#000-0#eng-#
020 _a0900305010
041 _aeng
044 _aenk
050 4 _aN5208.5
_b.C66 1970
245 1 0 _aThe Connoisseur
_bArt Sales Annual 1970.
260 _aGran Bretaña
_bThe Connoisseur
_c1970
300 _axvi, 782 p.
_bil.
_c22 cm.
500 _aIncluye índice de pinturas
500 _aDonación Dr. Héctor Rivero Borrell Vázquez
650 1 4 _aArte
_xColeccionistas y colecciones
_97445
650 1 4 _aPintura
_xColeccionistas y colecciones
_913791
650 1 4 _aSubastas
_xColeccionistas y colecciones
_910730
902 _aDHR
942 _2lcc
_cB
999 _c5087
_d5087